000 00329nam a2200121Ia 4500
008 190802s9999 xx 000 0 und d
020 _a978-969-637-398-8
100 _aFatima Akram
245 0 _aIntroduction to Biochemistry and Biotechnology Techniques
260 _aKarachi
_bParamount
_c2018
300 _a347:p
942 _cBK
999 _c2204
_d2204